000 00893nam a2200289Ia 4500
000 nam a22 i 4500
001 UNACH-11825
007 ta
008 221212s ||||fr|||| 00| | spa d
020 _a978-6-07-170734-5
041 0 _aspa
082 0 4 _a516.3
_bGeometría analítica
100 1 _aBenítez René, 0,
_eautor
245 1 0 _aGEOMEETRÍA VECTORIAL :
_bvectores, transformaciones
264 3 1 _a[México, D.F.] :
_aMéxico :
_bTrillas,
_c[Fecha de publicación no identificada]
300 _a254 páginas :
_bilustraciones
336 _atexto
_btxt
_2rdacontent
337 _ano mediado
_bn
_2rdamedia
338 _avolumen
_bnc
_2rdacarrier
504 _aincluye contenido
505 0 _avectores y la geometría en r2 y r3.-- transformaciones en r2 y r3.
650 1 4 _aVECTORES
650 2 4 _aGEOMETRIA
650 2 4 _aVECTORES PROPIOS
942 _2ddc
_c1
_n0
999 _c9229
_d9229